<?xml version="1.0" encoding="UTF-8"?>
<record
    xmlns:xsi="http://www.w3.org/2001/XMLSchema-instance"
    xsi:schemaLocation="http://www.loc.gov/MARC21/slim http://www.loc.gov/standards/marcxml/schema/MARC21slim.xsd"
    xmlns="http://www.loc.gov/MARC21/slim">

  <leader>01249nam a22002297a 4500</leader>
  <datafield tag="999" ind1=" " ind2=" ">
    <subfield code="c">62374</subfield>
    <subfield code="d">62374</subfield>
  </datafield>
  <controlfield tag="003">Ge_BSU</controlfield>
  <controlfield tag="005">20241017170137.0</controlfield>
  <controlfield tag="008">241017s1991    ge ||||| |||| 00| 0 geo d</controlfield>
  <datafield tag="041" ind1=" " ind2=" ">
    <subfield code="a">geo</subfield>
  </datafield>
  <datafield tag="080" ind1=" " ind2=" ">
    <subfield code="a">616-083.98 &#x10E6;-91</subfield>
  </datafield>
  <datafield tag="100" ind1=" " ind2=" ">
    <subfield code="a">&#x10E6;&#x10E3;&#x10D3;&#x10E3;&#x10E8;&#x10D0;&#x10E3;&#x10E0;&#x10D8;, &#x10DD;&#x10D7;&#x10D0;&#x10E0;</subfield>
    <subfield code="9">23432</subfield>
  </datafield>
  <datafield tag="245" ind1=" " ind2=" ">
    <subfield code="a">&#x10D2;&#x10D0;&#x10D3;&#x10D0;&#x10E3;&#x10D3;&#x10D4;&#x10D1;&#x10D4;&#x10DA;&#x10D8; &#x10D3;&#x10D0;&#x10EE;&#x10DB;&#x10D0;&#x10E0;&#x10D4;&#x10D1;&#x10D0; &#x10D3;&#x10D0; &#x10DB;&#x10D9;&#x10E3;&#x10E0;&#x10DC;&#x10D0;&#x10DA;&#x10DD;&#x10D1;&#x10D0; &#x10E1;&#x10EE;&#x10D4;&#x10E3;&#x10DA;&#x10D8;&#x10E1; &#x10D3;&#x10D0;&#x10D6;&#x10D8;&#x10D0;&#x10DC;&#x10D4;&#x10D1;&#x10D8;&#x10E1;&#x10D0; &#x10D3;&#x10D0; &#x10EB;&#x10D5;&#x10DA;&#x10D4;&#x10D1;&#x10D8;&#x10E1; &#x10DB;&#x10DD;&#x10E2;&#x10D4;&#x10EE;&#x10D8;&#x10DA;&#x10DD;&#x10D1;&#x10D4;&#x10D1;&#x10D8;&#x10E1; &#x10D3;&#x10E0;&#x10DD;&#x10E1; /</subfield>
    <subfield code="c"> &#x10DD;. &#x10E6;&#x10E3;&#x10D3;&#x10E3;&#x10E8;&#x10D0;&#x10E3;&#x10E0;&#x10D8;, &#x10DD;. &#x10E9;&#x10D0;&#x10EE;&#x10E3;&#x10DC;&#x10D0;&#x10E8;&#x10D5;&#x10D8;&#x10DA;&#x10D8;, &#x10D5;. &#x10EF;&#x10DD;&#x10EE;&#x10D0;&#x10EB;&#x10D4;.</subfield>
  </datafield>
  <datafield tag="264" ind1=" " ind2=" ">
    <subfield code="a">&#x10D7;&#x10D1;. : </subfield>
    <subfield code="b">&#x10E1;&#x10D0;&#x10E5;&#x10D0;&#x10E0;&#x10D7;&#x10D5;&#x10D4;&#x10DA;&#x10DD;, </subfield>
    <subfield code="c">1991.</subfield>
  </datafield>
  <datafield tag="300" ind1=" " ind2=" ">
    <subfield code="a">194 &#x10D2;&#x10D5;. : </subfield>
    <subfield code="b">&#x10D8;&#x10DA;. ; </subfield>
    <subfield code="c">20 &#x10E1;&#x10DB;.</subfield>
  </datafield>
  <datafield tag="653" ind1=" " ind2=" ">
    <subfield code="a">&#x10E1;&#x10EE;&#x10D4;&#x10E3;&#x10DA;&#x10D8;&#x10E1; &#x10D3;&#x10D0;&#x10D6;&#x10D8;&#x10D0;&#x10DC;&#x10D4;&#x10D1;&#x10D4;&#x10D1;&#x10D8;</subfield>
  </datafield>
  <datafield tag="653" ind1=" " ind2=" ">
    <subfield code="a">&#x10D2;&#x10D0;&#x10D3;&#x10D0;&#x10E3;&#x10D3;&#x10D4;&#x10D1;&#x10D4;&#x10DA;&#x10D8; &#x10D3;&#x10D0;&#x10EE;&#x10DB;&#x10D0;&#x10E0;&#x10D4;&#x10D1;&#x10D0;</subfield>
  </datafield>
  <datafield tag="653" ind1=" " ind2=" ">
    <subfield code="a">&#x10EB;&#x10D5;&#x10DA;&#x10D4;&#x10D1;&#x10D8;&#x10E1; &#x10DB;&#x10DD;&#x10E2;&#x10D4;&#x10EE;&#x10D8;&#x10DA;&#x10DD;&#x10D1;&#x10D4;&#x10D1;&#x10D8;</subfield>
  </datafield>
  <datafield tag="653" ind1=" " ind2=" ">
    <subfield code="a">&#x10D2;&#x10D0;&#x10D3;&#x10D0;&#x10E3;&#x10D3;&#x10D4;&#x10D1;&#x10D4;&#x10DA;&#x10D8; &#x10D3;&#x10D0;&#x10EE;&#x10DB;&#x10D0;&#x10E0;&#x10D4;&#x10D1;&#x10D0;.</subfield>
  </datafield>
  <datafield tag="700" ind1=" " ind2=" ">
    <subfield code="a">&#x10E9;&#x10D0;&#x10EE;&#x10E3;&#x10DC;&#x10D0;&#x10E8;&#x10D5;&#x10D8;&#x10DA;&#x10D8;, &#x10DD;.</subfield>
    <subfield code="e">&#x10D0;&#x10D5;&#x10E2;&#x10DD;&#x10E0;&#x10D8;</subfield>
    <subfield code="9">23433</subfield>
  </datafield>
  <datafield tag="700" ind1=" " ind2=" ">
    <subfield code="a">&#x10EF;&#x10DD;&#x10EE;&#x10D0;&#x10EB;&#x10D4;, &#x10D5;., </subfield>
    <subfield code="e">&#x10D0;&#x10D5;&#x10E2;&#x10DD;&#x10E0;&#x10D8;</subfield>
    <subfield code="9">23434</subfield>
  </datafield>
  <datafield tag="942" ind1=" " ind2=" ">
    <subfield code="2">udc</subfield>
    <subfield code="c">&#x1CAC;&#x1C98;&#x1C92;&#x1C9C;&#x1C98;</subfield>
  </datafield>
  <datafield tag="952" ind1=" " ind2=" ">
    <subfield code="0">0</subfield>
    <subfield code="1">0</subfield>
    <subfield code="2">udc</subfield>
    <subfield code="4">0</subfield>
    <subfield code="6">61608398_&#x10E6;91</subfield>
    <subfield code="7">0</subfield>
    <subfield code="9">100778</subfield>
    <subfield code="a">CPL</subfield>
    <subfield code="b">CPL</subfield>
    <subfield code="c">GEN</subfield>
    <subfield code="d">2024-10-17</subfield>
    <subfield code="g">3.00</subfield>
    <subfield code="o">616-083.98 &#x10E6;-91</subfield>
    <subfield code="p">69389</subfield>
    <subfield code="r">2024-10-17</subfield>
    <subfield code="t">69389</subfield>
    <subfield code="w">2024-10-17</subfield>
    <subfield code="y">&#x1CAC;&#x1C98;&#x1C92;&#x1C9C;&#x1C98;</subfield>
    <subfield code="z">3 &#x10DA;.</subfield>
  </datafield>
  <datafield tag="952" ind1=" " ind2=" ">
    <subfield code="0">0</subfield>
    <subfield code="1">0</subfield>
    <subfield code="2">udc</subfield>
    <subfield code="4">0</subfield>
    <subfield code="6">61608398_&#x10E6;91</subfield>
    <subfield code="7">0</subfield>
    <subfield code="9">101189</subfield>
    <subfield code="a">CPL</subfield>
    <subfield code="b">CPL</subfield>
    <subfield code="c">GEN</subfield>
    <subfield code="d">2024-11-18</subfield>
    <subfield code="g">7.00</subfield>
    <subfield code="o">616-083.98 &#x10E6;-91</subfield>
    <subfield code="p">69784</subfield>
    <subfield code="r">2024-11-18</subfield>
    <subfield code="t">69784</subfield>
    <subfield code="w">2024-11-18</subfield>
    <subfield code="y">&#x1CAC;&#x1C98;&#x1C92;&#x1C9C;&#x1C98;</subfield>
    <subfield code="z">7 &#x10DA;.</subfield>
  </datafield>
  <datafield tag="952" ind1=" " ind2=" ">
    <subfield code="0">0</subfield>
    <subfield code="1">0</subfield>
    <subfield code="2">udc</subfield>
    <subfield code="4">0</subfield>
    <subfield code="6">61608398_&#x10E6;91</subfield>
    <subfield code="7">0</subfield>
    <subfield code="9">101473</subfield>
    <subfield code="a">CPL</subfield>
    <subfield code="b">CPL</subfield>
    <subfield code="c">GEN</subfield>
    <subfield code="d">2024-12-18</subfield>
    <subfield code="g">7.00</subfield>
    <subfield code="o">616-083.98 &#x10E6;-91</subfield>
    <subfield code="p">70044</subfield>
    <subfield code="r">2024-12-18</subfield>
    <subfield code="t">70044</subfield>
    <subfield code="w">2024-12-18</subfield>
    <subfield code="y">&#x1CAC;&#x1C98;&#x1C92;&#x1C9C;&#x1C98;</subfield>
    <subfield code="z">7.00</subfield>
  </datafield>
  <datafield tag="952" ind1=" " ind2=" ">
    <subfield code="0">0</subfield>
    <subfield code="1">0</subfield>
    <subfield code="2">udc</subfield>
    <subfield code="4">0</subfield>
    <subfield code="6">61608398_&#x10E6;91</subfield>
    <subfield code="7">0</subfield>
    <subfield code="9">101474</subfield>
    <subfield code="a">CPL</subfield>
    <subfield code="b">CPL</subfield>
    <subfield code="c">GEN</subfield>
    <subfield code="d">2024-12-18</subfield>
    <subfield code="g">7.00</subfield>
    <subfield code="o">616-083.98 &#x10E6;-91</subfield>
    <subfield code="p">70045</subfield>
    <subfield code="r">2024-12-18</subfield>
    <subfield code="t">70045</subfield>
    <subfield code="w">2024-12-18</subfield>
    <subfield code="y">&#x1CAC;&#x1C98;&#x1C92;&#x1C9C;&#x1C98;</subfield>
    <subfield code="z">7.00</subfield>
  </datafield>
  <datafield tag="952" ind1=" " ind2=" ">
    <subfield code="0">0</subfield>
    <subfield code="1">0</subfield>
    <subfield code="2">udc</subfield>
    <subfield code="4">0</subfield>
    <subfield code="6">61608398_&#x10E6;91</subfield>
    <subfield code="7">0</subfield>
    <subfield code="9">101475</subfield>
    <subfield code="a">CPL</subfield>
    <subfield code="b">CPL</subfield>
    <subfield code="c">GEN</subfield>
    <subfield code="d">2024-12-18</subfield>
    <subfield code="g">7.00</subfield>
    <subfield code="o">616-083.98 &#x10E6;-91</subfield>
    <subfield code="p">70046</subfield>
    <subfield code="r">2024-12-18</subfield>
    <subfield code="t">70046</subfield>
    <subfield code="w">2024-12-18</subfield>
    <subfield code="y">&#x1CAC;&#x1C98;&#x1C92;&#x1C9C;&#x1C98;</subfield>
    <subfield code="z">7.00</subfield>
  </datafield>
  <datafield tag="952" ind1=" " ind2=" ">
    <subfield code="0">0</subfield>
    <subfield code="1">0</subfield>
    <subfield code="2">udc</subfield>
    <subfield code="4">0</subfield>
    <subfield code="6">61608398_&#x10E6;91</subfield>
    <subfield code="7">0</subfield>
    <subfield code="9">101476</subfield>
    <subfield code="a">CPL</subfield>
    <subfield code="b">CPL</subfield>
    <subfield code="c">GEN</subfield>
    <subfield code="d">2024-12-18</subfield>
    <subfield code="g">7.00</subfield>
    <subfield code="o">616-083.98 &#x10E6;-91</subfield>
    <subfield code="p">70047</subfield>
    <subfield code="r">2024-12-18</subfield>
    <subfield code="t">70047</subfield>
    <subfield code="w">2024-12-18</subfield>
    <subfield code="y">&#x1CAC;&#x1C98;&#x1C92;&#x1C9C;&#x1C98;</subfield>
    <subfield code="z">7 &#x10DA;.</subfield>
  </datafield>
</record>
